| 000 | 00496 a2200181 4500 | ||
|---|---|---|---|
| 001 | 066612 | ||
| 003 | OSt | ||
| 005 | 20211004152617.0 | ||
| 008 | |||
| 082 |
_a621.384 _bW74W |
||
| 245 | 1 |
_aWireless quality of service _cedited by M.K. Denko and Y. Zhang |
|
| 260 |
_aNew York _bCRC Press _c2009 |
||
| 300 | _a356p. | ||
| 690 | _aWireless communication systems--Quality control | ||
| 700 |
_aDenko, M.K. _eEditor |
||
| 700 | _aZhang, Y., ed. | ||
| 942 |
_2ddc _cBK |
||
| 999 |
_c652 _d652 |
||